000 00510nam a2200169 i 4500
001 28783
003 ES-MaACL
005 20250929063100.0
007 t|
008 030120s1963 sp ||||1| spa d
100 1 _aBarbadillo, Manuel,
_d1891-1986
_925372
245 1 0 _aPacheco, su tierra y su tiempo /
_cManuel Barbadillo.
260 _aJerez de la Frontera :
_bJerez Industrial,
_c1963.
300 _a196 p., 14 lám. ;
_c28 cm.
852 _aES-MaACL
_jC-23988
_bR.52879
999 _c28783
_d28783